Регионална библиотека "Любен Каравелов" - Русе

Райкя (Запис номер 413358)

MARC детайли
000 -Лидер
Контролно поле с фиксирана дължина 01364nam a2200313 a 4500
003 - Код на организацията, давaща контролен номер
Контролно поле BLK
005 - Дата и час на последна редакция
Контролно поле 20250102135454.0
008 - Елементи от данни с фиксирана дължина
fixed length control field 180413b bul|||||r ||||||| ||bul||
010 ## - Наследен системен номер
LC control number KNG00023372000
020 ## - Международен стандартен номер на книга ISBN
Международен стандартен номер на книга ISBN 9786197525045
040 ## - Източник на каталожния запис
Идентификатор на билиотеката - собственик на записа BLK
041 ## - Код за език
Код за езика на текст/звукозапис или на отделно заглавие Български
Код за езика КДБФ Български
080 ## - УДК
Текстов определител УДК Българска литература
УДК код - определител по УДК 821.163.2
УДК определител -312.6
УДК - код + определител 821.163.2-312.6
080 ## - УДК
Текстов определител УДК Райна Попгеоргиева Футекова-Дипчева. Българска учителка, ушила главното въстаническо знаме на Панагюрски революционен окръг за Априлското въстание
УДК код - определител по УДК 929 Райна княгиня
УДК - код + определител 929 Райна княгиня
100 ## - Редна дума - Автор
Автор Маринова, Йорданка
Авторска отговорност първи автор
R(LIN) 1299
139 ## - Редно поле
Редна дума Маринова, Йорданка
Авторски знак Мари - М 31
245 10 - Сведения за заглавието
Заглавие Райкя
Подзаглавни данни Роман
Редно поле (дума) Йорданка Маринова.
257 ## - Страна на издаване
Страна на създаване/издаване България
260 ## - Област на издателските данни
Място на издаване, разпространение и проч. София
Име на издателя, разпространителя и проч. ИвиПет
Година на издаване 2020
Печатница София : Мениджмънт Бизнес Машин ООД
9 (RLIN) 390222
300 ## - Физическа характеристика
Страници 360 с.
Размери/Мащаб 21 см
380 ## - Жанр
Жанр Худож. лит.
600 14 - Име на лице, използвано като предмет
За него / За нея Райна княгиня
9 (RLIN) 244832
653 ## - Ключова дума – ненормативна
Ключова дума Райна княгиня
856 4# - Електронен адрес и достъп
Електронен формат pdf - файл
Път до файла /url/
856 4# - Електронен адрес и достъп
Електронен формат pdf - файл
Път до файла /url/
999 ## - СИСТЕМНИ КОНТРОЛНИ НОМЕРА
Koha biblionumber 413358
Koha biblioitemnumber 413358
942 ## - АРТИКУЛИ
Вид на библиотечния материал Книги
Скрит в OPAC Не
Периодичен библиозапис Да
Koha issues (borrowed), all copies 13
944 ## - СЪЗДАВАНЕ И РЕДАКЦИЯ на ЗАПИСА
Служител, извършил регистрацията/редакцията 30531
Статус, дата на статуса Цветелина Шанова
999 ## - СИСТЕМНИ КОНТРОЛНИ НОМЕРА
Koha biblioitemnumber 413358
Наличности
Код за отписване Код за изгубен артикул Източник на класификационната схема Код за повреда Коз за рестрикции Код за отдаване Артикулен № Име на библиотеката - собственик Име на библиотеката, в която се намира в момента Статус (Текущо местоположение) Дата на вписване в системата Местоположение - отдел Цена в лева Систематично азбучна сигнатура Баркод Цена в евро Служебен тип на артикула
  Не е изгубен Universal Decimal Classification Не е повреден без рестрикции заемане за дома 830348 Регионална библиотека "Любен Каравелов" Русе Регионална библиотека "Любен Каравелов" Русе Заемна - подръчен фонд 2021-05-17 Заемна - подръчен фонд 14.39 821.163.2-31/М 31 Й 120000855185 7.36 Книги
  Не е изгубен Universal Decimal Classification Не е повреден без рестрикции заемане за дома 830349 Регионална библиотека "Любен Каравелов" Русе Регионална библиотека "Любен Каравелов" Русе Заемна - подръчен фонд 2021-05-17 Заемна - подръчен фонд 14.39 821.163.2-31/М 31 Й 120000855186 7.36 Книги
  Не е изгубен Universal Decimal Classification Не е повреден само за читалня ползва се в читалня 835267 Регионална библиотека "Любен Каравелов" Русе Регионална библиотека "Любен Каравелов" Русе Хранилище 2021-06-08 Хранилище 17.99 Цб 307478 120000855724 9.20 Книги
Vip Innovations Ltd, Rousse, Bulgaria 2025